Direction of trade Australia 1982

Na minha lista:
Detalhes bibliográficos
Formato: Livro
Idioma:inglês
Publicado em: Canberra Department of trade 1982
Tags: Adicionar Tag
Sem tags, seja o primeiro a adicionar uma tag!

MARC

LEADER 00000nam a2200000 4500
001 c113146
005 20250617123633.4
041 0 |a eng 
044 |a AU 
245 1 0 |a Direction of trade Australia 1982 
264 1 |a Canberra  |b Department of trade  |c 1982 
300 |a 15 s.  |e príl.